[Event "EU-chT"]
[Site "Haifa"]
[Date "1989.??.??"]
[Round "2"]
[White "Morris, Charles F"]
[Black "Hynes, Kilian A"]
[Result "1/2-1/2"]
[WhiteElo "2205"]
[BlackElo "2235"]

1.Nf3 d5 2.c4 e6 3.d4 Nf6 4.Nc3 Be7 5.Bg5 O-O 6.e3 Nbd7 7.Rc1 c6 8.Bd3 a6
9.O-O dxc4 10.Bxc4 b5 11.Bd3 Bb7 12.Bxf6 Nxf6 13.Ne4 Rc8 14.Nc5 Bxc5 15.dxc5 Qc7
16.Qc2 Rcd8 17.Rfd1 e5 18.Ng5 h6 19.Ne4 Nxe4 20.Bxe4 Rxd1+ 21.Rxd1 Rd8 22.b4 Rxd1+
23.Qxd1 g6 24.Qd2 Bc8  1/2-1/2

[Event "EU-chT"]
[Site "Haifa"]
[Date "1989.??.??"]
[Round "2"]
[White "Morrison, Graham"]
[Black "Soylu, Suat"]
[Result "1/2-1/2"]
[WhiteElo "2325"]
[BlackElo "2330"]

1.Nf3 d5 2.c4 c6 3.d4 Nf6 4.Nc3 dxc4 5.a4 Bf5 6.e3 e6 7.Bxc4 Bb4 8.O-O Nbd7
9.Qe2 Bg6 10.e4 Bxc3 11.bxc3 Nxe4 12.Ba3 Qc7 13.Rfc1 O-O-O 14.Bb3 Rhe8 15.Nh4 Ndf6
16.f3 Nd6 17.a5 Nd5 18.g3 Nf5 19.Nxg6 hxg6 20.f4 g5 21.fxg5 Nxg3 22.hxg3 Qxg3+
23.Qg2 Qe3+ 24.Qf2 Qxg5+ 25.Qg2 Qe3+ 26.Qf2 Qg5+ 27.Qg2 Qe3+ 28.Qf2  1/2-1/2

[Event "EU-chT"]
[Site "Haifa"]
[Date "1989.??.??"]
[Round "6"]
[White "Bischoff, Klaus"]
[Black "Pergericht, Daniel"]
[Result "1-0"]
[WhiteElo "2530"]
[BlackElo "2325"]

1.Nf3 d5 2.c4 c6 3.e3 g6 4.Nc3 Bg7 5.d4 Nh6 6.Be2 O-O 7.O-O Nf5 8.b4 dxc4
9.Bxc4 a5 10.b5 c5 11.Ba3 cxd4 12.exd4 Nxd4 13.Nxd4 Qxd4 14.Qxd4 Bxd4 15.Rac1 Be6
16.Nd5 Nd7 17.Nxe7+ Kh8 18.Rfd1  1-0

[Event "EU-chT"]
[Site "Haifa"]
[Date "1989.??.??"]
[Round "8"]
[White "Salov, Valery"]
[Black "Renet, Olivier"]
[Result "1/2-1/2"]
[WhiteElo "2645"]
[BlackElo "2515"]

1.Nf3 d5 2.c4 e6 3.g3 Nf6 4.Bg2 dxc4 5.Qa4+ Nbd7 6.Qxc4 c5 7.Qb3 Rb8 8.a4 b6
9.d3 Bd6 10.Na3 a6 11.Nc4 Bc7 12.Bd2 O-O 13.O-O Bb7 14.Rfc1 Ne8 15.Qc2 Qe7
16.Rab1 Nd6 17.b4 Nxc4 18.Qxc4 Bd6 19.b5 a5 20.Qh4 f6 21.Bc3 Rfd8 22.Qh3 Bc7
23.Bb2 Nf8 24.Nd2 Bd5 25.Rc2 Rd7 26.Rbc1 Rbd8 27.Bf3 Ng6 28.Qg2 Nh8 29.Ba3 Qf7
30.Bb2 Qe7 31.Bxd5 Rxd5 32.d4 R5d7 33.e3 e5 34.Qe4 Nf7 35.Nf3 Nd6 36.Qg4 cxd4
37.exd4 e4 38.Nh4 e3 39.d5 exf2+ 40.Rxf2 Kh8 41.Qe6 Ne8 42.Nf5 Qf8 43.Rd1 Bd6
44.Kg2 Bc5 45.Rfd2 Nd6 46.Nxd6 Rxd6 47.Qf5 Re8  1/2-1/2

[Event "Haninge"]
[Site "Haninge"]
[Date "1989.??.??"]
[Round "?"]
[White "Smyslov, Vassily"]
[Black "Polugaevsky, Lev"]
[Result "1/2-1/2"]
[WhiteElo "2560"]
[BlackElo "2575"]

1.Nf3 d5 2.c4 dxc4 3.e3 Nf6 4.Bxc4 e6 5.d4 c5 6.Nc3 a6 7.dxc5 Qxd1+ 8.Kxd1 Bxc5
9.Ke2 b5 10.Bd3 Bb7 11.b3 Nbd7 12.Bb2 Ke7 13.Rac1 Rhc8 14.Rhd1 h6 15.Nb1 Bd6
16.Nbd2 Rxc1 17.Rxc1 Rc8  1/2-1/2

[Event "HUN-ch"]
[Site "?"]
[Date "1989.??.??"]
[Round "?"]
[White "Horvath, Csaba"]
[Black "Kallai, Gabor"]
[Result "1/2-1/2"]
[WhiteElo "2445"]
[BlackElo "2430"]

1.Nf3 d5 2.c4 d4 3.a3 g6 4.g3 a5 5.d3 Bg7 6.Bg2 Nf6 7.O-O O-O 8.e3 c5 9.exd4 cxd4
10.Re1 Nc6 11.Nbd2 Nd7 12.Rb1 a4 13.b4 axb3 14.Nxb3 Re8 15.Ng5 h6 16.Ne4 Bf8
17.Nbc5 Nxc5 18.Nxc5 e5 19.Na4 Ra6 20.Rb5 Qc7 21.f4 Na7 22.Rb4 Nc6 23.Rb5  1/2-1/2

[Event "JUG-ch"]
[Site "?"]
[Date "1989.??.??"]
[Round "?"]
[White "Damljanovic, Branko"]
[Black "Nikolic, Zivoslav"]
[Result "1/2-1/2"]
[WhiteElo "2530"]
[BlackElo "2450"]

1.Nf3 d5 2.c4 d4 3.g3 g6 4.Bg2 Bg7 5.O-O e5 6.d3 Ne7 7.b4 O-O 8.Ba3 Re8 9.Nbd2 Nd7
10.Nb3 Rb8 11.Qc2 Nf8 12.Rae1 Ne6 13.Bb2 b6 14.e3 Bb7 15.exd4 exd4 16.Re2 c5
17.bxc5 bxc5 18.Ba3 Qc7 19.Rfe1 Bf8 20.Qd2 Nf5 21.Qa5 Qb6 22.Bc1 Bc6 23.Ne5 Bxg2
24.Kxg2 Qb7+ 25.Kg1 Bd6 26.Re4 Kg7 27.Qd2 h5 28.Qe2 Qc8 29.Nf3 Kh8 30.Kg2 Nfg7
31.Qd2 Qc6 32.Na5 Qa8 33.h4 Re7 34.Qd1 Rbe8 35.Qa4 Rc8 36.Qd1 Bc7 37.Nb3 Bd6
38.Bh6 Nf5 39.Bg5 Nxg5 40.hxg5 Kg8 41.Nbd2 Rb8 42.Qa4 Rb2 43.Kg1 Kg7 44.Rxe7 Bxe7
45.Qd7 Qb7 46.Qxb7 Rxb7 47.Nb3 Rb6 48.Re5 Bd6 49.Re2 Kf8 50.Nfd2 Ng7 51.Ne4 Ne6
52.Kg2 Be7 53.f4 Kg7 54.Kf3 Rb8 55.Rh2 Rb6 56.g4 hxg4+ 57.Kxg4 Rc6 58.f5 gxf5+
59.Kxf5 Nf8 60.Rh6 Ng6 61.Rh2 Ra6 62.Rb2 Rb6 63.Re2 Re6 64.Nbd2 Bxg5 65.Kxg5 Re5+
66.Kg4 f5+ 67.Kf3 fxe4+ 68.Nxe4 Rh5 69.Kg4 Rh6 70.Kg3 Ne5 71.Nf2 Rh5 72.Kf4 Ng6+
73.Kf3 Nh4+ 74.Ke4 Ng6 75.Rb2 Re5+ 76.Kf3 Rf5+ 77.Kg3 Ne5 78.Rb5 Kg6 79.a4 Rg5+
80.Kf4 Rf5+  1/2-1/2

[Event "Karvina op"]
[Site "Karvina"]
[Date "1989.??.??"]
[Round "4"]
[White "Firt, Stanislav"]
[Black "Rybak, Milan"]
[Result "1-0"]
[WhiteElo "2355"]
[BlackElo "2305"]

1.Nf3 d5 2.c4 e6 3.g3 Nf6 4.Bg2 c5 5.O-O Nc6 6.cxd5 Nxd5 7.Nc3 Be7 8.d4 O-O
9.Nxd5 exd5 10.Be3 cxd4 11.Nxd4 Bf6 12.Rc1 Be6 13.Nxc6 bxc6 14.Bd4 Rc8 15.e3 Re8
16.Qd2 Bxd4 17.exd4 Qb6 18.b4 g6 19.Rfe1 Bd7 20.h4 h5 21.a3 Kf8 22.Qf4 Bf5
23.Re5 Bd7 24.Rce1 Qc7 25.Qc1 Qd6 26.f4 f6 27.Rxe8+ Rxe8 28.Rxe8+ Bxe8 29.Qc5 Qxc5
30.dxc5 Bd7 31.Kf2 Kf7 32.Ke3 Ke7 33.Kd4 Kd8 34.a4 a5 35.bxa5 Kc7 36.a6 Be6
37.Bf1 Kb8 38.Bd3 Bf5 39.Bb5 Bd7 40.f5 cxb5 41.axb5 Bxf5 42.b6 Bd7 43.Kxd5 Bb5
44.a7+ Kb7 45.Kd6 g5 46.a8=Q+ Kxa8 47.Kc7 Ba6 48.c6  1-0

[Event "URS-sf Ukraine-ch"]
[Site "Kherson"]
[Date "1989.??.??"]
[Round "?"]
[White "Foygel, Igor"]
[Black "Moroz, Alexander"]
[Result "1-0"]
[WhiteElo "2370"]
[BlackElo "2380"]

1.Nf3 d5 2.c4 e6 3.g3 dxc4 4.Bg2 a6 5.Qc2 b5 6.Ne5 Ra7 7.b3 cxb3 8.axb3 Bb7
9.e4 Nf6 10.O-O Be7 11.Bb2 O-O 12.d4 Nfd7 13.Nd3 Nf6 14.Nc5 Bc8 15.Nd2 Nbd7
16.Rfd1 Qe8 17.h3 a5 18.Nd3 Nb6 19.Ne5 a4 20.Nc6 axb3 21.Qxb3 Rxa1 22.Nxe7+ Qxe7
23.Rxa1 Qd7 24.d5 exd5 25.Bxf6 gxf6 26.exd5 Bb7 27.Ne4 Kg7 28.Nc5 Bxd5 29.Nxd7 Bxb3
30.Nxf8 Kxf8 31.Ra7 Nd5 32.Bxd5 Bxd5 33.Rxc7 b4 34.h4 b3 35.Rd7 Be4 36.Rd8+ Ke7
37.Rb8 Bc2 38.Kf1 Ke6 39.Ke2 h5 40.Rb5 f5 41.Ke3 Kd6 42.Kd2 Kc6 43.Ra5 Kd6
44.Kc3 Ke6 45.Ra6+ Ke5 46.Rh6 Bd1 47.Kd2 Bf3 48.Ke3 Be4 49.Rb6 Bc2 50.Rb5+ Kd6
51.Kd4 Kc6 52.Rb4 f6 53.Kc4 Kd6 54.Kc3 Ke5 55.Ra4 Kd5 56.Rd4+ Ke5 57.Rb4 Kd5
58.Kd2 Kc5 59.Ra4 Kb5 60.Rf4 Kc5 61.Kc3 Kd5 62.Rd4+ Ke5 63.f3 Ke6 64.f4 Ke7
65.Rd2 Ke6 66.Rd8 Ke7 67.Rh8 Bd1 68.Kd2 Bf3 69.Rb8 Bd5 70.Rb6 Be6 71.Kc3 Kd7
72.Rb7+ Ke8 73.Kd4 Kd8 74.Rh7 Bg8 75.Rg7 Be6 76.Rb7 Kc8 77.Rb6 Kd7 78.Kc5 Bg8
79.Rd6+ Ke7 80.Rd4 Be6 81.Rd1 Bg8 82.Ra1 Kd7 83.Ra7+ Kc8 84.Kc6 Kb8 85.Re7 Bc4
86.Kb6  1-0

[Event "Las Palmas op"]
[Site "Las Palmas"]
[Date "1989.??.??"]
[Round "?"]
[White "Illescas Cordoba, Miguel"]
[Black "Garcia, Gildardo"]
[Result "1/2-1/2"]
[WhiteElo "2525"]
[BlackElo "2430"]

1.Nf3 d5 2.c4 e6 3.d4 Nf6 4.Nc3 Be7 5.Bg5 O-O 6.e3 Nbd7 7.Rc1 dxc4 8.Bxc4 a6
9.e4 b5 10.Bd3 Bb7 11.e5 Nd5 12.Bxe7 Qxe7 13.Nxd5 Bxd5 14.Rxc7 Bxf3 15.gxf3 Rad8
16.O-O Qg5+ 17.Kh1 Qh4 18.Re1 Qxf2 19.Rc2  1/2-1/2

[Event "Las Palmas op"]
[Site "Las Palmas"]
[Date "1989.??.??"]
[Round "?"]
[White "Miralles, Gilles"]
[Black "Gonzalez, G."]
[Result "1-0"]
[WhiteElo "2400"]
[BlackElo "2215"]

1.Nf3 d5 2.c4 c6 3.d4 e6 4.Qc2 f5 5.g3 Nf6 6.Bg2 Bd6 7.O-O O-O 8.b3 Qe7 9.a4 Ne4
10.Ba3 Bxa3 11.Nxa3 a5 12.Ne5 Na6 13.Qb2 Bd7 14.e3 Be8 15.Rfc1 g5 16.f3 Nf6
17.Qd2 Nb4 18.Nc2 Nxc2 19.Rxc2 Nd7 20.Nd3 Bg6 21.f4 h6 22.c5 Nf6 23.Ne5 Bh5
24.b4 axb4 25.Rb2 Ng4 26.Nd3 Rf7 27.Rxb4 Rg7 28.a5 Be8 29.Rb6 Ra7 30.Nb4 Qc7
31.Ra3 Nf6 32.a6 bxa6 33.Qa2 a5 34.Rxa5 Rxa5 35.Qxa5 Nd7 36.Qa8 Nxb6 37.Qxe8+ Kh7
38.cxb6 Qxb6 39.Nd3 gxf4 40.Nxf4 Qb1+ 41.Bf1 Qe4 42.Qxe6 Qxe6 43.Nxe6 Re7
44.Bd3 Rxe6 45.Bxf5+ Rg6 46.h4 Kg7 47.Bxg6 Kxg6 48.g4 Kf6 49.Kf2 Ke6 50.Kf3 Kd6
51.Kf4 Ke6 52.g5 h5 53.e4  1-0

[Event "Leningrad"]
[Site "Leningrad"]
[Date "1989.??.??"]
[Round "?"]
[White "Kochyev, Alexander"]
[Black "Vera, Reynaldo"]
[Result "1/2-1/2"]
[WhiteElo "2475"]
[BlackElo "2470"]

1.Nf3 d5 2.c4 c6 3.d4 Nf6 4.Qc2 g6 5.Bf4 Bg7 6.e3 O-O 7.Nc3 Na6 8.Be2 Bf5
9.Qb3 Qb6 10.O-O dxc4 11.Bxc4 Qxb3  1/2-1/2

[Event "Leningrad2"]
[Site "Leningrad"]
[Date "1989.??.??"]
[Round "?"]
[White "Horvath, Csaba"]
[Black "Ivanov, Sergey"]
[Result "1-0"]
[WhiteElo "2470"]
[BlackElo "2465"]

1.Nf3 d5 2.c4 d4 3.g3 Nc6 4.d3 e5 5.Bg2 Nf6 6.O-O Nd7 7.Na3 Be7 8.Nc2 O-O
9.b3 a5 10.Qd2 Nc5 11.Ba3 Re8 12.Rab1 Bf5 13.Bxc5 Bxc5 14.a3 e4 15.Nh4 e3
16.Qd1 Bc8 17.fxe3 dxe3 18.b4 axb4 19.axb4 Be7 20.Nf5 Bf6 21.Kh1 Nd4 22.Nfxe3 Ra2
23.Rf4 Rxe3 24.Nxe3 Nxe2 25.Rf2 Nxg3+ 26.Kg1 Bd4 27.Rxa2 Bxe3+ 28.Rf2 Bxf2+
29.Kxf2 Nf5 30.Kg1 Ne3 31.Qf3 Qd4 32.Qe4 Qxe4 33.Bxe4 f5 34.Bf3 f4 35.Ra1 Bf5
36.Ra7 Bxd3 37.Rxb7 Bxc4 38.Rxc7 Kf8 39.Rc5 Ke7 40.b5 Kd6 41.b6 Ba6 42.Ra5  1-0

[Event "London WFW"]
[Site "London"]
[Date "1989.??.??"]
[Round "?"]
[White "Lalic, Susan"]
[Black "Sadler, Matthew"]
[Result "0-1"]
[WhiteElo "2310"]
[BlackElo "2430"]

1.Nf3 d5 2.c4 dxc4 3.e3 c5 4.Bxc4 Nf6 5.b3 a6 6.Bb2 Nc6 7.O-O e6 8.Nc3 b5
9.Be2 Bb7 10.Qb1 Qb8 11.Ng5 Be7 12.Nce4 Ne5 13.f4 Ned7 14.Rf3 h6 15.Rh3 Bc6
16.Bf3 Qb7 17.Qd3 Bd5 18.Nxf6+ Nxf6 19.Bxf6 Bxf6 20.Ne4 O-O-O 21.Rc1 Bxe4
22.Qxe4 Qxe4 23.Bxe4 Rxd2 24.Rxc5+ Kd7 25.Rf3 Rxa2 26.Rf1 Rd8 27.Rd1+ Ke8
28.Bc6+ Kf8 29.Rdc1 Bh4 30.g3 Be7 31.R5c2 Ra3 32.Rb1 Bf6 33.Be4 Rd6 34.Kf2 Bd8
35.Kf3 Ke7 36.g4 Bb6 37.Rc6 Rxc6 38.Bxc6 Ra2 39.Rd1 Rc2 40.Bb7 Rc3 41.Bxa6 Rxe3+
42.Kg2 Rxb3 43.h4 Rb4 44.Kf3 Bc7 45.Rc1 Bd6  0-1

[Event "Lugano op"]
[Site "Lugano"]
[Date "1989.??.??"]
[Round "5"]
[White "Paust, Wolf Dieter"]
[Black "Sprotte, Norbert"]
[Result "1-0"]
[WhiteElo "2220"]
[BlackElo "2245"]

1.Nf3 d5 2.c4 d4 3.g3 Nc6 4.Bg2 e5 5.d3 Nf6 6.O-O a5 7.b3 Be7 8.Na3 O-O 9.Nc2 Re8
10.a3 Bf8 11.Bb2 h6 12.Rb1 Ra7 13.Qd2 Bf5 14.Rfd1 Qd7 15.Ra1 Bh7 16.b4 axb4
17.axb4 Rxa1 18.Rxa1 b6 19.Nfe1 Rd8 20.Ra6 Nb8 21.Ra8 b5 22.Nf3 bxc4 23.dxc4 Ne4
24.Qd1 Nc3 25.Qd2 Nxe2+ 26.Kh1 d3 27.Nxe5 Qf5 28.f4 dxc2 29.Qxd8 Nxg3+ 30.hxg3 Qh5+
31.Qh4 Qd1+ 32.Kh2 g5 33.fxg5  1-0

[Event "Lugano op"]
[Site "Lugano"]
[Date "1989.??.??"]
[Round "7"]
[White "Pein, Malcolm"]
[Black "Godena, Michele"]
[Result "1/2-1/2"]
[WhiteElo "2405"]
[BlackElo "2425"]

1.Nf3 d5 2.c4 d4 3.b4 f6 4.d3 e5 5.Qb3 c5 6.g3 Qb6 7.bxc5 Qxb3 8.axb3 Bxc5
9.Ba3 Na6 10.Bxc5 Nxc5 11.Nfd2 Ne7 12.Na3 Nc6 13.Nc2 b6 14.b4 Nd7 15.Bg2 Bb7
16.O-O Ke7 17.Nb3 a5 18.e3 dxe3 19.Nxe3 axb4 20.Nf5+ Ke6 21.Nxg7+ Kd6 22.Rab1 Nc5
23.Nd2 Ra3 24.Ne4+ Nxe4 25.Bxe4 b3 26.f4 Rha8 27.fxe5+ fxe5 28.Rfc1 Na5 29.c5+ bxc5
30.Nf5+ Kd7  1/2-1/2

[Event "Lugano op"]
[Site "Lugano"]
[Date "1989.??.??"]
[Round "7"]
[White "Fioramonti, Hung"]
[Black "Keller, M."]
[Result "1-0"]
[WhiteElo "2305"]
[BlackElo "2245"]

1.Nf3 d5 2.c4 dxc4 3.Qa4+ c6 4.Qxc4 Nf6 5.Nc3 Be6 6.Qa4 Qb6 7.g3 g6 8.Bg2 Bg7
9.O-O O-O 10.d4 Bd5 11.Rd1 Nbd7 12.Qc2 Bxf3 13.Bxf3 e5 14.Be3 Qa6 15.d5 cxd5
16.Nxd5 Nxd5 17.Rxd5 Nf6 18.Rxe5 Ng4 19.Re4 Nxe3 20.Rxe3 Rac8 21.Qb3 Qf6
22.Rd1 Rc7 23.Rc3 Rxc3 24.bxc3 Qxc3 25.Qxb7 Bd4 26.e3 Bb6 27.Rd7 Qc8 28.Qd5 Qc5
29.Qd1 Qe5 30.Bd5 Qf6 31.Qb3 Kg7 32.Kg2 h5 33.h4 Qf5 34.Rb7 Qf6 35.a4 Bc5
36.a5 Kg8 37.Qc4  1-0

[Event "Lyngby op"]
[Site "Lyngby"]
[Date "1989.??.??"]
[Round "6"]
[White "Adamski, Jan"]
[Black "Bang, Andreas"]
[Result "1/2-1/2"]
[WhiteElo "2435"]
[BlackElo "2315"]

1.Nf3 d5 2.c4 c6 3.d4 Nf6 4.Qc2 dxc4 5.Qxc4 Bf5 6.g3 e6 7.Bg2 Be7 8.Nc3 Nbd7
9.O-O O-O 10.Bf4 Nd5 11.Bd2 Nb4 12.e4 Bg4 13.Ne2 Bxf3 14.Bxf3 Ne5 15.Qb3 Nxf3+
16.Qxf3 Nc2 17.Rad1 Nxd4 18.Nxd4 Qxd4 19.Bc3  1/2-1/2

[Event "Lyngby op"]
[Site "Lyngby"]
[Date "1989.??.??"]
[Round "9"]
[White "Adamski, Jan"]
[Black "Rausis, Igors"]
[Result "1/2-1/2"]
[WhiteElo "2435"]
[BlackElo "2435"]

1.Nf3 d5 2.c4 d4 3.g3 Nc6 4.Bg2 e5 5.d3 Nf6 6.O-O a5 7.Na3 Bc5 8.Nc2 O-O
9.Bg5 h6 10.Bxf6 Qxf6 11.b3 Qe7 12.a3 Be6 13.Nd2 f5 14.Qc1 Ra6 15.Rb1 Rb6
16.f4 exf4 17.gxf4 Bf7 18.b4 axb4 19.Nb3 bxa3 20.Nxc5 Qxc5 21.Qxa3 Qxa3 22.Nxa3 Bh5
23.Rxb6 cxb6 24.Kf2 Ra8 25.Nb5 Ra2 26.Bf3 Bxf3 27.Kxf3 g5 28.Nd6 Ne7 29.fxg5 hxg5
30.Kg3 Rxe2 31.Nxf5 Nxf5+ 32.Rxf5 Re3+ 33.Kf2 Rxd3 34.Rxg5+ Kf7 35.Rd5  1/2-1/2

[Event "Moscow1"]
[Site "Moscow"]
[Date "1989.??.??"]
[Round "?"]
[White "Neverov, Valeriy"]
[Black "Westerinen, Heikki MJ"]
[Result "0-1"]
[WhiteElo "2430"]
[BlackElo "2400"]

1.Nf3 d5 2.c4 c6 3.e3 Nf6 4.Nc3 g6 5.d4 Bg7 6.Bd3 O-O 7.O-O Bg4 8.h3 Bxf3
9.Qxf3 e6 10.Rd1 Nbd7 11.Qe2 Qb6 12.Bd2 Rfe8 13.Be1 Rad8 14.Qc2 a6 15.Rac1 Qa7
16.Bf1 dxc4 17.Bxc4 c5 18.dxc5 Qxc5 19.Na4 Qc6 20.Be2 Qxc2 21.Rxc2 b5 22.Nc5 Nxc5
23.Rxd8 Rxd8 24.Rxc5 Nd5 25.Ba5 Rb8 26.b3 Bf8 27.Rc6 Ra8 28.Bf3 Bb4 29.Bxb4 Nxb4
30.Rb6 Rc8 31.a3 Nd3 32.Rxa6 Rc1+ 33.Kh2 Nxf2 34.Rb6 Ra1 35.Rd6 Rxa3 36.Rd2 Nxh3
37.Kxh3 Rxb3 38.e4 f5 39.Kh4 fxe4  0-1

[Event "Moscow op"]
[Site "Moscow"]
[Date "1989.??.??"]
[Round "?"]
[White "Frog, Ilya"]
[Black "Kozlov, V."]
[Result "1-0"]
[WhiteElo "2225"]
[BlackElo "2380"]

1.Nf3 d5 2.c4 d4 3.e3 Nc6 4.exd4 Nxd4 5.Nxd4 Qxd4 6.Nc3 Nf6 7.d3 Ng4 8.Qd2 c6
9.h3 Nf6 10.Qe2 Bf5 11.Be3 Qd7 12.g4 Bg6 13.O-O-O e6 14.Bg2 Bb4 15.Ne4 Bxe4
16.dxe4 Qc7 17.f4 Nd7 18.Qf2 Qa5 19.Kb1 Bc5 20.e5 Bxe3 21.Qxe3 O-O-O 22.Rd4 g5
23.fxg5 Nxe5 24.c5 Nd7 25.Rc1 Nb8 26.Be4 Na6 27.a3 Qc7 28.Bd3 Nb8 29.Rxd8+ Qxd8
30.Rf1 Qe7 31.Qf4 Qd8 32.Bc4 Nd7 33.Qxf7 Nxc5 34.Bxe6+ Kb8 35.Qf4+ Ka8 36.Bf5 Re8
37.Bxh7 a5 38.Bc2 Qb6 39.g6 Qb5 40.a4 Qe2 41.g7 Ne6 42.Qf5 Nxg7 43.Qxa5+  1-0

[Event "URS-ch sf"]
[Site "Moscow"]
[Date "1989.??.??"]
[Round "?"]
[White "Yuferov, Sergey  N"]
[Black "Kishnev, Sergey"]
[Result "1-0"]
[WhiteElo "2445"]
[BlackElo "2375"]

1.Nf3 d5 2.c4 dxc4 3.Na3 c5 4.Nxc4 Nc6 5.g3 f6 6.Bg2 e5 7.d3 Nge7 8.O-O Be6
9.b3 Nf5 10.e4 Nd6 11.Ne3 Be7 12.Nh4 O-O 13.Nhf5 Nxf5 14.exf5 Bf7 15.Be4 Qd7
16.Bb2 Rfd8 17.Qf3 Rac8 18.Qg2 Rc7 19.Kh1 Kh8 20.f4 Nd4 21.fxe5 fxe5 22.h4 b5
23.Rac1 Qd6 24.Rf2 a5 25.Kh2 Ra7 26.Kh3 a4 27.bxa4 Rxa4 28.a3 c4 29.dxc4 bxc4
30.Qf1 Qa6 31.Ng4 Bf6 32.Rd2 Rb8 33.Rcd1 Rb3 34.Nxf6 gxf6 35.Bxd4 exd4 36.Bc2 Rxg3+
37.Kxg3 Rxa3+ 38.Bd3 Bh5 39.Rb1 cxd3 40.Qf4 Kg7 41.Qc7+  1-0

[Event "Munich"]
[Site "Munich"]
[Date "1989.??.??"]
[Round "?"]
[White "Cebalo, Miso"]
[Black "Schlosser, Philipp"]
[Result "0-1"]
[WhiteElo "2505"]
[BlackElo "2420"]

1.Nf3 d5 2.c4 e6 3.d4 dxc4 4.Qa4+ Nd7 5.Qxc4 Ngf6 6.Nc3 a6 7.Bg5 c5 8.Rd1 b5
9.Qb3 Bb7 10.e4 Qa5 11.d5 exd5 12.exd5 c4 13.Qc2 Bb4 14.Be2 O-O 15.O-O Bxc3
16.bxc3 Nxd5 17.Rd4 Rae8 18.Rh4 f5 19.Rd1 Nc5 20.Bf1 Qxc3 21.Qb1 Ne4 22.a4 Nxg5
23.Nxg5 Qf6 24.Rxc4 Qxg5 25.axb5 Nf4 26.h4 Qg4 27.Rdd4 Ne2+  0-1

[Event "New York op"]
[Site "New York"]
[Date "1989.??.??"]
[Round "3"]
[White "Benko, Pal C"]
[Black "Frias, Victor J"]
[Result "1/2-1/2"]
[WhiteElo "2405"]
[BlackElo "2510"]

1.Nf3 d5 2.c4 c6 3.e3 Nf6 4.Nc3 g6 5.d4 Bg7 6.Bd3 O-O 7.O-O Bg4 8.h3 Bxf3
9.Qxf3 e6 10.Rd1 Nbd7 11.Rb1 a6 12.b3 Re8 13.Bb2 Qe7 14.Qe2  1/2-1/2

[Event "Thaelmann mem"]
[Site "Ost-Berlin"]
[Date "1989.??.??"]
[Round "?"]
[White "Zaichik, Gennadi"]
[Black "Knaak, Rainer"]
[Result "1/2-1/2"]
[WhiteElo "2500"]
[BlackElo "2465"]

1.Nf3 d5 2.c4 c6 3.d4 e6 4.Nc3 Nf6 5.cxd5 exd5 6.Qc2 Be7 7.Bg5 Na6 8.a3 Nc7
9.e3 Ne6 10.h4 h6 11.Bxf6 Bxf6 12.O-O-O Qc7 13.Kb1 Bd7 14.e4 dxe4 15.Nxe4 Be7
16.Bc4 O-O-O 17.Rhe1 Kb8 18.g3 Bc8 19.Qc3 Rhe8 20.Ne5 Bf8 21.f4 f6 22.Ng6 Bd6
23.Ka1 Nf8 24.Nxf8 Bxf8 25.Nc5 Qd6 26.Rxe8 Rxe8 27.Qb3 b6 28.Ba6 Bg4 29.Rc1 Qd5
30.Qxd5 cxd5 31.Bb5 Rc8 32.Bd7 bxc5 33.Bxg4 Rc7 34.Rd1 cxd4 35.Rxd4 Rc1+
36.Ka2 Rg1 37.Rxd5 Rxg3 38.Be6 Kc7 39.Rd7+ Kb6 40.h5 a5 41.Bd5 Kc5 42.Be4 Rg4
43.Rd5+ Kb6 44.Bd3 Bc5 45.Rf5 Rg2 46.Kb3 a4+ 47.Kc4 Be3 48.Rb5+ Kc7 49.Be4 Rd2
50.Rb4 Bxf4 51.Rxa4 Rxb2 52.Ra7+ Kd6 53.Rxg7 Bd2 54.Rb7  1/2-1/2

[Event "Paris-ch"]
[Site "Paris"]
[Date "1989.??.??"]
[Round "9"]
[White "Giffard, Nicolas"]
[Black "Flear, Glenn C"]
[Result "1/2-1/2"]
[WhiteElo "2345"]
[BlackElo "2500"]

1.Nf3 d5 2.c4 d4 3.e3 Nc6 4.d3 e5 5.exd4 Nxd4 6.Be2 Nxf3+ 7.Bxf3 Bc5 8.O-O Ne7
9.Na3 O-O 10.Nc2 a5 11.Be3 Bxe3 12.fxe3 Ra6 13.Qd2 c5 14.Rad1 Rd6 15.Qc3 Ng6
16.d4 exd4 17.exd4 cxd4 18.Nxd4 Ne5 19.Bd5 Ng4 20.h3 Nf6 21.Bf3 Qc7 22.c5 Rdd8
23.Nb5 Qg3 24.Rxd8 Rxd8 25.Qxa5 Re8 26.Nd6 Rf8 27.Nxc8 Rxc8 28.Bxb7 Qe3+
29.Kh1 Nh5 30.Rf3 Qxc5 31.Qxc5 Rxc5 32.b4 Rb5 33.Rc3 g6 34.Rc7 Rxb4 35.Bd5 Rf4
36.Kh2 Rf5 37.Bc4 Nf4 38.a4 Ne6 39.Ra7 Rc5 40.Be2 Nd4 41.Bd3  1/2-1/2

[Event "World op"]
[Site "Philadelphia"]
[Date "1989.??.??"]
[Round "10"]
[White "Wojtkiewicz, Aleksander"]
[Black "Sahu, Sekhar Chandra"]
[Result "1-0"]
[WhiteElo "2460"]
[BlackElo "2260"]

1.Nf3 d5 2.c4 c6 3.d4 dxc4 4.e3 Bf5 5.Bxc4 e6 6.Nc3 Nf6 7.O-O Nbd7 8.Qe2 Ne4
9.Bd3 Ndf6 10.Nh4 Bg6 11.Nxg6 Nxc3 12.bxc3 hxg6 13.e4 Nd7 14.g3 Qa5 15.Rb1 O-O-O
16.e5 Qxc3 17.Bg5 Nxe5 18.Rb3 Qxd4 19.Bxd8 Kxd8 20.Rd1 Bd6 21.Be4 Qc5 22.Rxb7 Re8
23.Qe3 Qxe3 24.fxe3 Kc8 25.Rxa7 Bb8 26.Ra6 Kb7 27.Ra3 Bc7 28.Rb3+ Kc8 29.Rc3 Kb7
30.Bxc6+ Nxc6 31.Rb1+  1-0

[Event "Podolsk GMA-qual"]
[Site "Podolsk"]
[Date "1989.??.??"]
[Round "?"]
[White "Makarov, Marat"]
[Black "Yakovich, Yuri"]
[Result "1/2-1/2"]
[WhiteElo "2505"]
[BlackElo "2450"]

1.Nf3 d5 2.c4 dxc4 3.e4 c5 4.Bxc4 Nc6 5.O-O e6 6.Qe2 a6 7.Rd1 Nge7 8.d4 Nxd4
9.Nxd4 cxd4 10.e5 Nf5 11.Bd3 Bd7 12.Bxf5 exf5 13.Rxd4 Bc5 14.Rd1 Qe7 15.Nc3 Be6
16.Be3  1/2-1/2

[Event "Rubinstein mem"]
[Site "Polanica Zdroj"]
[Date "1989.??.??"]
[Round "14"]
[White "Tseitlin, Mikhail S"]
[Black "Haba, Petr"]
[Result "0-1"]
[WhiteElo "2460"]
[BlackElo "2480"]

1.Nf3 d5 2.c4 c6 3.d4 Nf6 4.Nbd2 Bf5 5.Qb3 Qb6 6.e3 e6 7.Be2 h6 8.O-O Nbd7
9.Ne5 Nxe5 10.dxe5 Nd7 11.cxd5 exd5 12.g4 Bh7 13.f4 Bc5 14.Nf3 O-O 15.Bd2 Rae8
16.Qc3 a5 17.a3 a4 18.Bd1 f6 19.Bxa4 Qa7 20.Bb3 Kh8 21.Rae1 fxe5 22.Nxe5 Nxe5
23.fxe5 d4 24.Rxf8+ Rxf8 25.Qc1 Be4 26.Bb4 Bxb4 27.axb4 d3 28.Qc5 Qb8 29.e6 Rf2
30.Qh5 Rg2+ 31.Kf1 Rxh2 32.Qf7 Rh1+  0-1

[Event "Rubinstein mem"]
[Site "Polanica Zdroj"]
[Date "1989.??.??"]
[Round "15"]
[White "Zaichik, Gennadi"]
[Black "Sariego, Wilfredo"]
[Result "0-1"]
[WhiteElo "2500"]
[BlackElo "2380"]

1.Nf3 d5 2.c4 d4 3.g3 Nc6 4.Bg2 e5 5.d3 Nf6 6.O-O Nd7 7.Bg5 Be7 8.Bxe7 Qxe7
9.Re1 O-O 10.e3 Qd6 11.exd4 exd4 12.Na3 Nc5 13.Qd2 a5 14.Nb5 Qd8 15.Ne5 Nb4
16.a3 Nba6 17.Qf4 Ne6 18.Qh4 c6 19.Qxd8 Rxd8 20.Bxc6 bxc6 21.Nxc6 Rf8 22.Ncxd4 Nxd4
23.Nxd4 Nc5 24.Re3 Bd7 25.Rd1 Rab8 26.Rd2 Rfd8 27.Re5 Rdc8 28.f4 a4 29.Kf2 Kf8
30.Ke3 Nb3 31.Rc2 Nxd4 32.Kxd4 Rd8 33.Ke3 g6 34.Rd5 Bf5 35.Rxd8+ Rxd8 36.Rd2 Ke7
37.Rd1 Rb8 38.Rd2 Rb3 39.Kd4 Kd6 40.h4 h5 41.c5+ Kc6 42.Kc4 Be6+ 43.Kd4 Rb8
44.Ke5 Re8  0-1

[Event "Porz op23"]
[Site "Porz"]
[Date "1989.??.??"]
[Round "8"]
[White "Moehring, Guenther"]
[Black "Keitlinghaus, Ludger"]
[Result "1/2-1/2"]
[WhiteElo "2385"]
[BlackElo "2410"]

1.Nf3 d5 2.c4 e6 3.b3 Nf6 4.g3 a5 5.Bb2 a4 6.Na3 Be7 7.Bg2 O-O 8.O-O b6 9.d3 Bb7
10.Qd2 Na6 11.Nc2 axb3 12.axb3 Nc5 13.Rxa8 Qxa8 14.Ra1 Qe8 15.Ncd4 Ncd7 16.Nb5 Qb8
17.Qc2 c6 18.Nc3 Re8 19.cxd5 exd5 20.d4 Bf8 21.e3 g6 22.Ne1 Bd6 23.Nf3 Bf8
24.Ra2 Bg7 25.Nd2 c5 26.Nf3 Rc8 27.Qd1 Rd8 28.Qe2 Ne4 29.Nxe4 dxe4 30.Ng5 Nf6
31.dxc5 bxc5 32.Bxf6 Bxf6 33.Nxe4 Bxe4 34.Bxe4 Qxb3 35.Ra8 Rxa8 36.Bxa8 Qe6
37.Qf3 Kg7 38.Bd5 Qe7 39.Bc4 h5 40.h4 Qd7 41.Kg2 Be5 42.Qe4 Bf6 43.Bb3 Qe7
44.Qd5 Bc3 45.Bc4 f5 46.Kf3 Kh6 47.Qc6 Bf6 48.Be6 Kg7 49.Ke2 Be5 50.Bc4 Kh6
51.Kf1 Kg7 52.Kg2 Bf6 53.Qd5 Kh6 54.Kf1 Be5 55.Qa8 Bf6 56.Ke2 Bg7 57.Qc6 Be5
58.Qd5 Bf6 59.Bd3 Qe5 60.Qc6 Kg7 61.Kf3 Qc3 62.Qd7+ Kh6 63.Qd5 Bg7  1/2-1/2

[Event "Bohemians-B"]
[Site "Prague"]
[Date "1989.??.??"]
[Round "?"]
[White "Znamenacek, Kvetoslav"]
[Black "Kolasinski, Marek"]
[Result "1-0"]
[WhiteElo "2305"]
[BlackElo "2305"]

1.Nf3 d5 2.c4 e6 3.d4 Nf6 4.Nc3 dxc4 5.e3 a6 6.Bxc4 c5 7.O-O Nc6 8.a3 b5
9.Ba2 Bb7 10.Qe2 Qc7 11.Rd1 Be7 12.dxc5 Bxc5 13.b4 Be7 14.Bb2 O-O 15.Rac1 Rad8
16.e4 Rxd1+ 17.Nxd1 Qf4 18.Bb1 Rd8 19.Ne3 Nd7 20.Qc2 Qb8 21.Ng4 Rc8 22.e5 Nf8
23.Qd2 Ng6 24.h4 h5 25.Nf6+ gxf6 26.Bxg6 Nxe5 27.Nxe5 Rxc1+ 28.Qxc1 fxe5
29.Bxh5 Bf6 30.Qh6 Bg7 31.Qg5 Qd6 32.f4 Qd2 33.Bxe5 f6 34.Bxf6 Qxg2+ 35.Qxg2 Bxg2
36.Bxg7  1-0

[Event "Bohemians-B"]
[Site "Prague"]
[Date "1989.??.??"]
[Round "?"]
[White "Summermatter, Daniel"]
[Black "Streitberg, Petr"]
[Result "0-1"]
[WhiteElo "2435"]
[BlackElo "2275"]

1.Nf3 d5 2.c4 e6 3.d4 Be7 4.Nc3 Nf6 5.Bg5 O-O 6.e3 Nbd7 7.Qc2 h6 8.Bh4 c5
9.dxc5 Qa5 10.O-O-O dxc4 11.Bxc4 Qxc5 12.Be2 Nb6 13.Nd2 Bd7 14.Bxf6 Bxf6
15.Nde4 Qe7 16.Nxf6+ Qxf6 17.Bf3 Rac8 18.Kb1 Ba4 19.Qe4 Bxd1 20.Rxd1 Rxc3
21.bxc3 Nd5 22.Rxd5 exd5 23.Qb4 b6 24.Kb2 Rc8 25.Qd4 Qxd4 26.cxd4 Rd8 27.Kc3 Kf8
28.Kb4 Ke7 29.Kb5 Kd6 30.Ka6 Rc8  0-1